• 首页
  • 本馆介绍
  • 公告通知
  • 最新文献
  • 馆藏检索
  • 电子资源
  • 读者导购
  • 参考咨询
  • 我的图书馆
  • 登录
  • 详细信息显示
  • 放入我的书架
  • 预约/预借图书
  • 作者相关作品
  • 分类相关作品
  • 丛书相关作品
  • 出版社相关作品

书目信息

  • 表格格式
  • 工作单格式
  • 卡片格式
题名:
石间流唱
    
 
作者: 孙英芳 著
分册:  
出版信息: 上海   上海人民出版社  2020.8
页数: 285页
开本: 24cm
丛书名:
单 册:
中图分类: G239.275.1
科图分类:
主题词: 鼓词--图书出版--研究--上海--近代 , 小说--图书出版--研究--上海--近代
电子资源:
ISBN: 978-7-208-16581-6
000 01050nam0 2200289 45
001 012001004189
005 20141014151122.0
010    @a978-7-208-16581-6@dCNY88.00
100    @a20201109d2020 em y0chiy0110 ea
101 0  @achi
102    @aCN@b310000
105    @aak az 000yy
106    @ar
200 1  @a石间流唱@Ashi jian liu chang@e清末民初上海石印鼓词小说的出版与传播@f孙英芳著
210    @a上海@c上海人民出版社@d2020.8
215    @a285页@c图@d24cm
300    @a其他题名:清末民初上海石印鼓词小说的出版与传播
314    @a孙英芳,女,河南省舞阳县人,山西大学商务学院教师,北京师范大学民俗学博士,主要研究方向为俗文学、历史民俗学。
320    @a有书目(第280-285页)
330    @a本书是对清末民初上海出版的石印鼓词小说进行整体的、系统的论述和研究。
517 1  @a清末民初上海石印鼓词小说的出版与传播
606 0  @a鼓词@x图书出版@x研究@y上海@z近代
606 0  @a小说@x图书出版@x研究@y上海@z近代
690    @aG239.275.1@v5
701  0 @a孙英芳@Asun ying fang@4著
801    @aCN@bAHXH@c20210922
905    @b1329839-43@dG239.275.1@e125@f5
    
    石间流唱:清末民初上海石印鼓词小说的出版与传播/孙英芳著.-上海:上海人民出版社,2020.8
    285页:图;24cm
    其他题名:清末民初上海石印鼓词小说的出版与传播
    
    ISBN 978-7-208-16581-6:CNY88.00
    本书是对清末民初上海出版的石印鼓词小说进行整体的、系统的论述和研究。
●
相关链接 在E读中查询图书 在五车中查询图书 在当当中查询图书 在豆瓣中查询图书


正题名:石间流唱     索取号:G239.275.1/125         预约/预借

序号 登录号 条形码 馆藏地/架位号 状态 备注
1 1329839   213298395   第一样本阅览室/ [索取号:G239.275.1/125] 在馆    
2 1329840   213298402   教育系资料室/ [索取号:G239.275.1/125] 在馆    
3 1329841   213298411   教育系资料室/ [索取号:G239.275.1/125] 在馆    
4 1329842   213298420   第四借阅区/ [索取号:G239.275.1/125] 在馆    
5 1329843   213298439   第四借阅区/ [索取号:G239.275.1/125] 在馆    
唐山师范学院图书馆 欢迎您!
大连网信软件有限公司© 版权所有